000 00415nam a22001697a 4500
003 NUST - PNEC
005 20170116180943.0
008 150907b xxu||||| |||| 00| 0 eng d
040 _cLIBRARY
082 _a620.004202 MEH
100 _98814
_aMehta, Subhash
245 _aGuide to AutoCAD release 12
_cSubhash Mehta
250 _a1st ed.
260 _cc 1993
650 _95731
_aAutoCAD
_xME
942 _2ddc
_cBK
999 _c66209
_d66209